Electricidad simplificada / (Record no. 102075)

MARC details
000 -CABECERA
campo de control de longitud fija 00716nam a2200217 a 4500
005 - FECHA Y HORA DE LA ÚLTIMA TRANSACCIÓN
campo de control 20210223125154.0
008 - ELEMENTOS DE LONGITUD FIJA--INFORMACIÓN GENERAL
campo de control de longitud fija 031010s1980 mx r 000 0 spa d
020 ## - NÚMERO INTERNACIONAL NORMALIZADO PARA LIBROS
Número Internacional Estándar del Libro 9684030428
035 ## - NÚMERO DE CONTROL DEL SISTEMA
Número de control de sistema UPN01000129918
049 ## - COLECCIÓN
Colección CG
050 #4 - SIGNATURA TOPOGRÁFICA DE LA BIBLIOTECA DEL CONGRESO
Número de clasificación TK9965
Número de documento/Ítem J3.38 1980
100 1# - ASIENTO PRINCIPAL--NOMBRE PERSONAL
Nombre de persona Jacobowitz, Henry
245 10 - MENCIÓN DE TÍTULO
Título Electricidad simplificada /
Mención de responsabilidad, etc. por Henry Jacobowitz ; tr. A. R. Lora.
250 ## - MENCIÓN DE EDICIÓN
Mención de edición 13a ed.
260 ## - PUBLICACIÓN, DISTRIBUCIÓN, ETC.
Lugar de publicación, distribución, etc. México :
Nombre del editor, distribuidor, etc. Compañía General de Ediciones,
Fecha de publicación, distribución, etc. 1980.
300 ## - DESCRIPCIÓN FÍSICA
Extensión 190 p. :
Otras características físicas il.
500 ## - NOTA GENERAL
Nota general Versión en español de la Colección Made Simple Doubleday & Co. de Nueva York
650 #4 - ASIENTO SECUNDARIO DE MATERIA - TERMINO TEMATICO
Término de materia o nombre geográfico como elemento de entrada ELECTRICIDAD -
Subdivisión general ESTUDIO Y ENSEÑANZA
9 (RLIN) 14881
650 #4 - ASIENTO SECUNDARIO DE MATERIA - TERMINO TEMATICO
Término de materia o nombre geográfico como elemento de entrada ELECTRICIDAD -
Subdivisión de forma MANUALES
9 (RLIN) 20191
905 ## - TIPO DE MATERIAL
Tipo de material Libro
Holdings
Estado de retiro Estado de pérdida Fuente del sistema de clasificación o colocación Estado dañado No para préstamo Código de colección Localización permanente Ubicación/localización actual Ubicación en estantería Total de préstamos Clasificación Código de barras Fecha visto por última vez Número de copia Tipo de ítem Koha
    Library of Congress Classification     Colección General Bib. Gregorio Torres Quintero Bib. Gregorio Torres Quintero Planta baja   TK9965 J3.38 1980 29648 31/12/2020 1 Libro